Súčasné jazykovo-politické iniciatívy na Slovensku a živý jazyk

Bibliographic Details
Main Author: Ondrejovič, Slavomír, 1946- (Author)
Format: Article
Language:Slovak
ISSN:0037-6981
Subjects:

MARC

LEADER 00000nab a2200000 a 4500
001 vtls009954700
003 SK-MaSNL
005 20260426090118.0
008 250507c2009 xo |r|||||||||000 b|slo
015 |a SNBRB2009/09  |2 snkbucl 
035 |a (uuid)a962024a-ff57-4add-a9de-b840567b8552 
035 |a urn:nbn:sk:snk-abc58v 
035 |a (urnnbn)urn:nbn:sk:snk:ar-002r2a 
038 |a SNKBUCL 
040 |a SNKBUCL  |b slo  |c SNKBUCL  |e AACR2 
041 0 |a slo 
044 |a xo  |c SK 
080 |a 811.162.4`244  |2 2001 
080 |a 342.725:811.162.4`244  |2 2001 
080 |a 81`272  |x (437.6)  |2 2001 
080 |a 81`244:811.162.4  |2 2001 
100 1 |a Ondrejovič, Slavomír,  |d 1946-  |4 aut  |9 92874 
245 1 0 |a Súčasné jazykovo-politické iniciatívy na Slovensku a živý jazyk  |c Slavomír Ondrejovič 
610 1 7 |a Slovenská republika  |b Vláda  |2 snkbucl  |9 517415 
650 0 7 |a slovenčina  |2 snkbucl  |9 1350 
650 0 7 |a štátny jazyk  |2 snkbucl  |9 19393 
650 0 7 |a Zákon o štátnom jazyku  |x novelizácia  |2 snkbucl  |9 1112767 
650 0 7 |a jazyková politika  |2 snkbucl  |9 4506 
651 7 |a Slovensko  |2 snkbucl  |9 14231 
655 7 |a úvahy  |2 snkbucl  |9 29403 
773 0 |t Slovenská reč  |g Roč. 74, č. 1 (2009), s. 3-6  |x 0037-6981 
850 |a Slovenská národná knižnica 
852 |a Slovenská národná knižnica 
954 |a odborná, vedecká literatúra pôvodná (slovenská)  |2 lita 
958 |a article15 
958 |a OND 
958 |a SK 
958 |a EUIPO 
999 |c 2980413  |d 2982343